| 000 | 01169cam a22003377a 4500 | ||
|---|---|---|---|
| 003 | CHAP | ||
| 005 | 20230608083711.0 | ||
| 008 | 120614s2010 sp r 00010 spa d | ||
| 010 | _a63618 | ||
| 011 | _a64590 | ||
| 020 | _a9788484764069 | ||
| 035 | _a70301 | ||
| 040 | _cCHAP | ||
| 082 | 0 | 4 |
_a523.32 _bF3 2010 |
| 100 | 0 | 0 |
_aFarrerons, Josep Ma. Angeles i. _939807 |
| 245 | 1 | 0 |
_aInfluencia de la luna en la agricultura : _by otros temas de principal interés para el campesino y gentes de la ciudad _c/por Josep Ma. Angeles i Farrerons |
| 250 | _a6 ed. | ||
| 260 |
_aMadrid : _bMundi Prensa, _c2010 |
||
| 264 |
_aMadrid : _bMundi-Prensa, _c2010. |
||
| 300 | _a143 p. | ||
| 490 | _aAgroguías Mundi-Prensa | ||
| 590 |
_aBATCH-UPD _b10 _c20130110 |
||
| 590 |
_aBATCH-UPD _b10 _c20130410 |
||
| 590 |
_aCONVERSION _b10 _c20130109 |
||
| 650 | 0 | 4 |
_aLuna _xEfecto en cultivos. _969011 |
| 830 | 0 |
_aAgroguias Mundi-Prensa _92183 |
|
| 901 | _aBK | ||
| 942 |
_cLIBRO _2ddc |
||
| 949 |
_a523.32 F3 2010 _bBC _cLIBRO _d33724002334454 _eLIBRO _fc.2 _gI.c/e _h116881 _i70301 _sb _t$224.7 |
||
| 949 |
_a523.32 F3 2010 _bBC _cLIBRO _d33724002334496 _eLIBRO _gI.c/e _h116882 _i70301 _sb _t$224.7 |
||
| 999 |
_c63618 _d63618 |
||